000 00569nam a2200205 a 4500
001 000011927
005 20240530073913.0
008 091102s1998 dr 001 f spa d
040 _aDO-SdBNP
_bspa
_cBNPHU
082 _aRD863.44
_bG216c
100 1 _aGarcía, Juán Z.
_928202
245 1 0 _aClaribel /
_cJuan Z. García.
300 _a98 p. ;
_c21 cm.
490 1 _aVida
590 _aInventariado, 2020/BT
650 0 _aNovela dominicana
_9223
650 0 _aLiteratura dominicana.
_967
830 0 _aVida
_928203
910 _aValidado. Control de calidad. MMOLINA
999 _c11597
_d11597